000 01922nam0a2200301 4500
001 RU\NLR\bibl\1735592
005 20260408015600.0
010 _a978-5-87627-085-6
_9500
021 _aRU
_b2011-299и
_947и
035 _a(NLR Aleph) 001726523
090 _a1372736
_c1372736
100 _a20110214d2010 |||y0rusy50 ca
101 0 _arus
102 _aRU
105 _aa |||||||||
200 1 _aРетроспективная выставка выпускников Строгановки
_e[каталог юбилейной выставки]
_e185 лет МГХПА им. С.Г. Строганова
_fМоск. гос. худож.-пром. акад. им. С.Г. Строганова
_g[вступ. ст.: Стасюк А.Н.]
210 _aМосква
_cМГХПА
_d2010
215 _a63 с.
_cил., цв. ил., портр.
_d30
601 0 2 _aМосковская государственная художественно-промышленная академия им. С.Г. Строганова
_jКаталоги
_xВыставки
_z2010
_92621692
_3RU\NLR\auth\661558252
606 1 _aИзобразительное искусство русское советское
_jКаталоги
_xВыставки
_yМосква, город
_z2010
_92618235
_3RU\NLR\auth\661554795
686 _aЩ101.3(2Р)-2Москва2Московская государственная художественно-промышленная академия им.С.Г.Строганова я26
686 _aЩ103(2Р=Рус)7я26
710 0 2 _aМосковская государственная художественно-промышленная академия им. С. Г. Строганова
_bРетроспективная выставка выпускников
_f2010
_9853681
_3RU\NLR\AUTH\8810178791
801 0 _aRU
_bNLR
_c20110214
_gRCR
801 1 _aRU
_bNLR
_c20110214
942 _cBOOK
980 _aNB